झपाटा (Record no. 446196)

MARC details
000 -LEADER
fixed length control field 00406nam a2200145Ia 4500
008 - FIXED-LENGTH DATA ELEMENTS--GENERAL INFORMATION
fixed length control field 100204s9999 xx 000 0 und d
082 ## - DEWEY DECIMAL CLASSIFICATION NUMBER
Item number 1004
100 ## - MAIN ENTRY--PERSONAL NAME
Personal name नवलकर प्रमोद
245 ## - TITLE STATEMENT
Title झपाटा
260 ## - PUBLICATION, DISTRIBUTION, ETC. (IMPRINT)
Name of publisher, distributor, etc "दिलिप प्रकाशन , मुंबई"
Date of publication, distribution, etc 1979
300 ## - PHYSICAL DESCRIPTION
Extent 200
630 ## - SUBJECT ADDED ENTRY--UNIFORM TITLE
Uniform title झपाटा
730 ## - ADDED ENTRY--UNIFORM TITLE
Uniform title झपाटा
942 ## - ADDED ENTRY ELEMENTS (KOHA)
Koha item type Book
Holdings
Withdrawn status Lost status Damaged status Not for loan Home library Current library Date acquired Cost, normal purchase price Total Checkouts Full call number Barcode Date last seen Cost, replacement price Price effective from Koha item type
        N. C. Kelkar Sarvajanik Library, Mulund N. C. Kelkar Sarvajanik Library, Mulund 02/04/2010 18.00   1004 NCKMULUND-1004 02/04/2010 18.00 02/04/2010 Book